Chicana/Latina Studies

محفوظ في:

التنسيق: دورية

اللغة: Undetermined

منشور في: JSTOR
Mujeres Activas en Letras y Cambio Social (MALCS)

الموضوعات:

الوصول للمادة أونلاين: Login to view Source

الوسوم: إضافة وسم

لا توجد وسوم, كن أول من يضع وسما على هذه التسجيلة!

رقم الطلب:

LEADER 00529nas a2200169Ia 4500
008 220214c99999999xx |||||||||||| ||und||
022 |a 1550-2546 
022 |a 2328-9007 
245 0 0 |a Chicana/Latina Studies 
264 1 |b JSTOR 
264 1 |b Mujeres Activas en Letras y Cambio Social (MALCS) 
362 0 |a Vol. 4(2004)-15 (2015) 
653 1 0 |a Area Studies 
856 4 0 |u https://www.jstor.org/journal/chiclatistud 
942 |c JL 
952 |0 0  |1 0  |4 0  |7 1  |9 34515  |a JSR  |b JSR  |d 2022-02-14  |l 0  |r 2022-02-14 00:00:00  |w 2022-02-14  |y JL 
999 |c 42848  |d 42848